[Event "Veteranos"]
[Site "Gaia"]
[Date "2024.06.10"]
[Round "3.1"]
[White "Santos, Antonio P"]
[Black "Chaves, Jussara"]
[Result "1-0"]
[BlackElo "1936"]
[WhiteElo "2161"]
[LiveChessVersion "1.4.8"]

1. d4 {[%clk 1:21:42]} f5 {[%clk 1:30:55]} 2. g3 {[%clk 1:22:02]} Nf6
{[%clk 1:31:11]} 3. Bg2 {[%clk 1:22:21]} e6 {[%clk 1:31:16]} 4. c4
{[%clk 1:22:38]} Be7 {[%clk 1:30:25]} 5. Nf3 {[%clk 1:22:39]} Ne4
{[%clk 1:28:47]} 6. O-O O-O 7. Nbd2 {[%clk 1:19:29]} d6 {[%clk 1:24:16]} 8. Nxe4
{[%clk 1:19:28]} fxe4 {[%clk 1:24:33]} 9. Nd2 {[%clk 1:19:56]} d5
{[%clk 1:24:36]} 10. f3 {[%clk 1:20:16]} e3 {[%clk 1:22:28]} 11. Nb1
{[%clk 1:20:31]} dxc4 {[%clk 1:22:20]} 12. Bxe3 {[%clk 1:20:49]} Nc6
{[%clk 1:21:26]} 13. f4 {[%clk 0:49:52]} Bf6 {[%clk 1:18:52]} 14. Na3
{[%clk 0:48:30]} Nxd4 {[%clk 1:14:12]} 15. Nxc4 {[%clk 0:48:39]} Rb8
{[%clk 1:09:35]} 16. Rc1 {[%clk 0:37:21]} c5 {[%clk 1:00:50]} 17. Bf2
{[%clk 0:28:37]} b5 {[%clk 0:50:01]} 18. Nd2 {[%clk 0:28:05]} c4 {[%clk 0:43:25]}
19. Ne4 {[%clk 0:27:48]} e5 {[%clk 0:37:50]} 20. e3 {[%clk 0:17:35]} Ne6
{[%clk 0:34:53]} 21. Qh5 {[%clk 0:08:08]} exf4 {[%clk 0:32:52]} 22. exf4
{[%clk 0:05:57]} Bxb2 {[%clk 0:32:10]} 23. Rcd1 {[%clk 0:06:16]} Qe7
{[%clk 0:26:36]} 24. Nd6 {[%clk 0:06:28]} c3 {[%clk 0:13:25]} 25. Qe2
{[%clk 0:06:28]} Ba3 {[%clk 0:12:27]} 26. Nxc8 {[%clk 0:05:13]} Rbxc8
{[%clk 0:11:38]} 27. Bd5 {[%clk 0:05:38]} c2 {[%clk 0:08:30]} 28. Qxe6+
{[%clk 0:06:00]} Kh8 {[%clk 0:05:44]} 29. Qxe7 {[%clk 0:05:36]} Bxe7
{[%clk 0:05:56]} 30. Rc1 {[%clk 0:05:52]} Ba3 {[%clk 0:06:07]} 31. Bb3
{[%clk 0:05:40]} Bxc1 {[%clk 0:04:19]} 32. Rxc1 {[%clk 0:06:08]} a5
{[%clk 0:04:17]} 33. Rxc2 {[%clk 0:05:55]} a4 {[%clk 0:04:20]} 34. Rxc8
{[%clk 0:06:18]} Rxc8 {[%clk 0:04:45]} 35. Be6 {[%clk 0:06:22]} Rc2
{[%clk 0:04:38]} 36. g4 {[%clk 0:06:10]} b4 {[%clk 0:04:30]} 37. f5
{[%clk 0:05:45]} b3 {[%clk 0:04:31]} 38. axb3 {[%clk 0:06:13]} a3
{[%clk 0:04:47]} 39. Bd4 {[%clk 0:06:21]} Rd2 {[%clk 0:04:21]} 40. Be5
{[%clk 0:06:20]} a2 {[%clk 0:03:18]} 41. f6 {[%clk 0:06:31]} a1=Q+
{[%clk 0:03:45]} 42. Bxa1 {[%clk 0:06:48]} Rd1+ {[%clk 0:04:12]} 43. Kf2
{[%clk 0:06:48]} Rxa1 {[%clk 0:04:41]} 44. f7 {[%clk 0:06:49]} Ra8
{[%clk 0:05:09]} 45. Ke3 {[%clk 0:07:08]} g6 {[%clk 0:05:29]} 46. Kd4
{[%clk 0:07:12]} Kg7 {[%clk 0:05:52]} 47. b4 {[%clk 0:06:47]} Kf8
{[%clk 0:05:40]} 48. b5 {[%clk 0:07:04]} Ke7 {[%clk 0:05:51]} 49. Bd5
{[%clk 0:06:51]} Rc8 {[%clk 0:05:34]} 50. b6 {[%clk 0:07:08]} Kd6
{[%clk 0:05:57]} 51. b7 {[%clk 0:07:24]} Rd8 {[%clk 0:06:12]} 52. Ke4
{[%clk 0:07:10]} Rf8 {[%clk 0:06:29]} 53. g5 {[%clk 0:07:22]} Rb8
{[%clk 0:06:41]} 54. Kd4 {[%clk 0:04:41]} Rf8 {[%clk 0:06:54]} 55. Bc4
{[%clk 0:04:54]} Rb8 {[%clk 0:06:00]} 56. h4 {[%clk 0:02:03]} Ke7
{[%clk 0:04:53]} 57. Bd5 {[%clk 0:02:24]} Kd6 {[%clk 0:05:11]} 58. Be4
{[%clk 0:02:06]} Ke7 {[%clk 0:05:21]} 59. Kc5 {[%clk 0:01:32]} Kd7
{[%clk 0:03:56]} 60. Kb6 {[%clk 0:01:25]} Rf8 {[%clk 0:03:50]} 61. Bc6+ 1-0

[Event "Veteranos"]
[Site "Gaia"]
[Date "2024.06.10"]
[Round "3.2"]
[White "Santos, Julio"]
[Black "Gori, Andrea"]
[Result "0-1"]
[BlackElo "1987"]
[WhiteElo "1889"]
[LiveChessVersion "1.4.8"]

1. e4 {[%clk 1:30:59]} e5 {[%clk 1:30:48]} 2. Bc4 {[%clk 1:31:07]} Nc6
{[%clk 1:30:34]} 3. Nf3 {[%clk 1:31:09]} Bc5 {[%clk 1:30:32]} 4. O-O
{[%clk 1:30:27]} Nf6 {[%clk 1:28:33]} 5. d3 {[%clk 1:30:45]} O-O {[%clk 1:28:03]}
6. Nc3 {[%clk 1:29:50]} h6 {[%clk 1:26:33]} 7. h3 {[%clk 1:29:43]} a6
{[%clk 1:24:28]} 8. a3 d6 {[%clk 1:24:26]} 9. b4 {[%clk 1:29:33]} Ba7
{[%clk 1:23:28]} 10. Bb2 {[%clk 1:29:23]} Nd4 {[%clk 1:16:52]} 11. Nh2
{[%clk 1:22:16]} c6 {[%clk 1:15:22]} 12. Ne2 {[%clk 1:22:21]} Ne6
{[%clk 1:08:42]} 13. Ba2 {[%clk 1:18:07]} Nh5 {[%clk 1:01:37]} 14. Bc1
{[%clk 1:14:21]} Qh4 {[%clk 0:57:58]} 15. Nf3 {[%clk 1:11:37]} Qf6
{[%clk 0:55:31]} 16. Be3 {[%clk 1:10:49]} Nef4 {[%clk 0:49:50]} 17. Nxf4
{[%clk 1:09:16]} Nxf4 {[%clk 0:49:31]} 18. Bxf4 {[%clk 1:08:53]} Qxf4
{[%clk 0:48:35]} 19. Qd2 {[%clk 1:08:34]} Qf6 {[%clk 0:48:48]} 20. Nh2
{[%clk 1:06:47]} Kh7 {[%clk 0:46:52]} 21. Kh1 {[%clk 1:06:55]} g5
{[%clk 0:41:42]} 22. c3 {[%clk 1:02:01]} Qg7 {[%clk 0:38:59]} 23. Bb3
{[%clk 1:00:43]} f5 {[%clk 0:38:05]} 24. exf5 {[%clk 0:58:04]} Bxf5
{[%clk 0:37:35]} 25. Qe2 {[%clk 0:50:21]} Rae8 {[%clk 0:35:14]} 26. f3
{[%clk 0:47:01]} Bg6 {[%clk 0:30:24]} 27. Qd2 {[%clk 0:45:46]} Bb8
{[%clk 0:27:19]} 28. d4 d5 {[%clk 0:26:05]} 29. Bc2 {[%clk 0:37:54]} exd4
{[%clk 0:24:23]} 30. cxd4 {[%clk 0:36:45]} Bf4 {[%clk 0:23:08]} 31. Qc3
{[%clk 0:25:53]} h5 {[%clk 0:18:18]} 32. Rfe1 {[%clk 0:25:25]} Bxc2
{[%clk 0:14:00]} 33. Qxc2+ {[%clk 0:25:53]} Kh6 {[%clk 0:13:07]} 34. Qd3
{[%clk 0:25:34]} Bg3 {[%clk 0:12:15]} 35. Re3 {[%clk 0:23:50]} Bf2
{[%clk 0:11:18]} 36. Rxe8 {[%clk 0:23:04]} Rxe8 {[%clk 0:11:37]} 37. Rd1
{[%clk 0:21:08]} Qe7 {[%clk 0:05:07]} 38. g4 {[%clk 0:14:40]} Qe2
{[%clk 0:03:41]} 39. gxh5 {[%clk 0:12:41]} Qxd3 {[%clk 0:03:10]} 40. Ng4+
{[%clk 0:12:16]} Kxh5 {[%clk 0:02:55]} 41. Rxd3 {[%clk 0:12:35]} Re2
{[%clk 0:03:01]} 42. Kg2 {[%clk 0:12:08]} Bh4+ {[%clk 0:02:16]} 43. Kf1
{[%clk 0:12:22]} Re1+ {[%clk 0:01:49]} 44. Kg2 {[%clk 0:12:30]} Re2+
{[%clk 0:01:29]} 45. Kf1 {[%clk 0:12:54]} Ra2 {[%clk 0:01:52]} 46. Kg1
{[%clk 0:10:23]} Kg6 {[%clk 0:01:50]} 47. Ne3 {[%clk 0:08:17]} Bg3
{[%clk 0:01:29]} 48. Nf1 {[%clk 0:04:36]} Bf4 {[%clk 0:01:00]} 49. Ne3
{[%clk 0:04:08]} Re2 {[%clk 0:01:06]} 50. Ng2 {[%clk 0:04:07]} Kf5
{[%clk 0:01:00]} 51. h4 {[%clk 0:04:19]} gxh4 {[%clk 0:01:04]} 52. Nxh4+
{[%clk 0:04:47]} Kg5 {[%clk 0:01:16]} 53. Ng2 {[%clk 0:05:12]} Ra2
{[%clk 0:01:12]} 54. Nxf4 {[%clk 0:02:25]} Kxf4 {[%clk 0:01:35]} 55. Kf1
{[%clk 0:02:41]} Kg3 {[%clk 0:01:26]} 56. Ke1 {[%clk 0:02:57]} Rh2
{[%clk 0:00:50]} 57. a4 {[%clk 0:03:04]} Ra2 {[%clk 0:00:51]} 58. b5
{[%clk 0:03:19]} cxb5 {[%clk 0:00:34]} 59. axb5 {[%clk 0:03:47]} a5
{[%clk 0:00:51]} 60. b6 {[%clk 0:02:59]} Ra4 {[%clk 0:00:34]} 61. Ke2
{[%clk 0:03:20]} Kf4 {[%clk 0:00:53]} 62. Kd2 {[%clk 0:02:56]} Rb4
{[%clk 0:01:07]} 63. Ra3 {[%clk 0:02:31]} a4 {[%clk 0:00:43]} 64. Kc3
{[%clk 0:01:06]} Rc4+ {[%clk 0:00:58]} 65. Kd2 {[%clk 0:01:13]} Rxd4+
{[%clk 0:01:18]} 66. Ke2 {[%clk 0:01:29]} Rb4 {[%clk 0:01:41]} 67. Kd2
{[%clk 0:01:42]} d4 {[%clk 0:01:13]} 68. Ke2 {[%clk 0:01:55]} Rb2+
{[%clk 0:01:12]} 69. Kd3 {[%clk 0:02:03]} Rb3+ {[%clk 0:01:18]} 0-1

[Event "Veteranos"]
[Site "Gaia"]
[Date "2024.06.10"]
[Round "3.3"]
[White "Peixoto, Helio"]
[Black "Silva, Firmino"]
[Result "1/2-1/2"]
[BlackElo "1885"]
[WhiteElo "1952"]
[LiveChessVersion "1.4.8"]

1. e4 {[%clk 1:30:57]} c5 {[%clk 1:30:49]} 2. d4 {[%clk 1:31:20]} cxd4
{[%clk 1:31:14]} 3. c3 {[%clk 1:31:46]} dxc3 {[%clk 1:31:42]} 4. Nxc3
{[%clk 1:32:06]} Nc6 {[%clk 1:31:57]} 5. Nf3 {[%clk 1:32:09]} d6 {[%clk 1:32:04]}
6. Bc4 {[%clk 1:32:24]} e6 {[%clk 1:32:23]} 7. O-O {[%clk 1:32:19]} Nge7
{[%clk 1:32:32]} 8. Bf4 {[%clk 1:30:58]} Ng6 {[%clk 1:31:14]} 9. Bg3
{[%clk 1:31:13]} a6 {[%clk 1:30:06]} 10. Qe2 {[%clk 1:30:56]} Be7
{[%clk 1:17:09]} 11. Rfd1 {[%clk 1:30:48]} Qc7 {[%clk 1:17:07]} 12. Rac1
{[%clk 1:29:00]} O-O {[%clk 1:09:42]} 13. Bb3 {[%clk 1:27:44]} Qb8
{[%clk 1:06:49]} 14. h4 {[%clk 1:24:49]} Na5 {[%clk 0:52:48]} 15. Bc2
{[%clk 1:24:49]} b5 {[%clk 0:52:48]} 16. h5 {[%clk 1:00:12]} Ne5 {[%clk 0:53:29]}
17. Bxe5 {[%clk 1:00:12]} dxe5 {[%clk 0:53:29]} 18. a3 {[%clk 1:00:12]} h6
{[%clk 0:41:19]} 19. Nb1 {[%clk 0:49:15]} Nc6 {[%clk 0:41:19]} 20. Bb3
{[%clk 0:46:45]} Bb7 {[%clk 0:19:58]} 21. Rd7 {[%clk 0:14:05]} Bf6
{[%clk 0:13:47]} 22. Qd3 {[%clk 0:12:07]} Rd8 {[%clk 0:13:47]} 23. Rxd8+ Qxd8
{[%clk 0:14:13]} 24. Qxd8+ {[%clk 0:10:55]} Rxd8 {[%clk 0:11:54]} 25. Nbd2
{[%clk 0:10:16]} Nd4 {[%clk 0:11:54]} 26. Re1 {[%clk 0:10:16]} Kh7
{[%clk 0:02:09]} 27. Kh2 a5 {[%clk 0:02:09]} 1/2-1/2

[Event "Veteranos"]
[Site "Gaia"]
[Date "2024.06.10"]
[Round "3.4"]
[White "Miranda, Amíilcar"]
[Black "Siilva, Fernando"]
[Result "0-1"]
[BlackElo "2267"]
[WhiteElo "1900"]
[LiveChessVersion "1.4.8"]

1. d4 {[%clk 1:30:51]} Nf6 {[%clk 1:30:50]} 2. c4 {[%clk 1:31:07]} c5
{[%clk 1:31:07]} 3. d5 {[%clk 1:31:12]} g6 {[%clk 1:31:22]} 4. Nc3
{[%clk 1:31:34]} Bg7 {[%clk 1:31:48]} 5. e4 {[%clk 1:31:02]} d6 {[%clk 1:32:10]}
6. f3 {[%clk 1:30:51]} O-O {[%clk 1:32:28]} 7. Be3 {[%clk 1:30:14]} e6
{[%clk 1:32:33]} 8. Qd2 {[%clk 1:29:16]} Re8 {[%clk 1:31:55]} 9. dxe6
{[%clk 1:28:58]} Bxe6 {[%clk 1:31:23]} 10. Rd1 {[%clk 1:28:36]} Nc6
{[%clk 1:10:44]} 11. Qxd6 {[%clk 1:20:37]} Qb6 {[%clk 1:09:30]} 12. Qd2
{[%clk 1:20:05]} Rad8 {[%clk 1:06:56]} 13. Nd5 {[%clk 1:17:50]} Bxd5
{[%clk 1:05:13]} 14. cxd5 {[%clk 1:17:40]} Nxd5 {[%clk 1:05:01]} 15. exd5
{[%clk 1:17:28]} Bh6 {[%clk 1:05:17]} 16. Qc2 {[%clk 1:13:25]} Nd4
{[%clk 1:04:24]} 17. Qc4 {[%clk 1:12:54]} Bxe3 {[%clk 1:01:43]} 18. Be2
{[%clk 1:12:15]} Bxg1 {[%clk 1:01:48]} 0-1

[Event "Veteranos"]
[Site "Gaia"]
[Date "2024.06.10"]
[Round "3.5"]
[White "Morais, Mario"]
[Black "Fernandes, Alberto"]
[Result "0-1"]
[BlackElo "2099"]
[WhiteElo "1850"]
[LiveChessVersion "1.4.8"]

1. d4 Nf6 2. Nc3 d5 3. Bf4 a6 4. e3 e6 5. a3 c5 6. Nf3 Nc6 7. Bd3 Bd6 8. Bxd6
Qxd6 9. dxc5 Qxc5 10. O-O O-O 11. Na4 Qa5 12. c3 e5 13. Nd2 e4 14. Be2 Ne5 15. b4
Qc7 16. f4 exf3 17. Nxf3 Neg4 18. h3 Nxe3 19. Qd4 Re8 20. Bd3 Nxf1 21. Rxf1 Qg3
22. Kh1 Ne4 23. Ng1 Qg6 24. Ne2 Ng3+ 25. Nxg3 Qxg3 26. Nb6 Bxh3 27. Qf2 Bxg2+ 28.
Qxg2 Qxd3 29. Nxa8 Re6 30. Qf3 Rh6+ 31. Kg1 Qg6+ 32. Qg2 Qe6 33. Nc7 Qe3+ 34. Qf2
Rg6+ 35. Kh2 Qh6+ 0-1

[Event "Veteranos"]
[Site "Gaia"]
[Date "2024.06.10"]
[Round "3.6"]
[White "Prezado, Jose"]
[Black "Morais, Vitor"]
[Result "0-1"]
[BlackElo "1844"]
[WhiteElo "1886"]
[LiveChessVersion "1.4.8"]

1. e4 c5 2. Nf3 d6 3. d4 cxd4 4. Nxd4 Nf6 5. Nc3 a6 6. Be2 e5 7. Nb3 Be7 8. O-O
Be6 9. Bg5 Nbd7 10. Nd2 Rc8 11. Na4 b5 12. Nc3 Qb6 13. Be3 Qb7 14. f3 O-O 15. Bd3
Nc5 16. Be2 b4 17. Ncb1 d5 18. exd5 Nxd5 19. Bf2 Rfd8 20. Qe1 f6 21. Bd1 Na4 22.
b3 Nac3 23. Nxc3 Nxc3 24. Ne4 Nxe4 25. Qxe4 Bd5 26. Qe1 a5 27. Rc1 Rc3 28. Be2 f5
29. Bd3 e4 30. fxe4 fxe4 31. Be2 Rdc8 32. Qd2 e3 33. Bxe3 Rxe3 34. Qxe3 Bc5 35.
Qxc5 Rxc5 36. Rf5 Rc8 37. Rcf1 g6 38. Re5 Rxc2 39. Re1 Bf7 40. Bf3 Qb6+ 41. Kh1
Rxa2 42. Re7 Qf6 0-1

[Event "Veteranos"]
[Site "Gaia"]
[Date "2024.06.10"]
[Round "3.7"]
[White "Antao, Jorge"]
[Black "Loureiro, Amadeu"]
[Result "1/2-1/2"]
[BlackElo "1801"]
[WhiteElo "1878"]
[LiveChessVersion "1.4.8"]

1. e4 e6 2. d4 d5 3. Nc3 Bb4 4. Nge2 Ne7 5. a3 Ba5 6. b4 Bb6 7. Bb2 a5 8. Ng3
axb4 9. axb4 Rxa1 10. Bxa1 Qd6 11. Na2 dxe4 12. Nxe4 Qd5 13. Nac3 Qxd4 14. Qxd4
Bxd4 15. Bd3 Nbc6 16. b5 Nb4 17. Ke2 O-O 18. Na4 Bxa1 19. Rxa1 b6 20. f3 Ned5 21.
g3 Rd8 22. Nac3 Nxd3 23. cxd3 Nb4 24. Ra7 c5 25. Ra8 f5 26. Ng5 Re8 27. Rb8 h6
28. Nh3 Nd5 29. Nxd5 exd5+ 30. Kd2 Bd7 31. Rxb6 Ra8 32. Rd6 1/2-1/2

[Event "Veteranos"]
[Site "Gaia"]
[Date "2024.06.10"]
[Round "3.8"]
[White "Fernandes, José Palma"]
[Black "Coelho, Jorge"]
[Result "1/2-1/2"]
[BlackElo "1864"]
[WhiteElo "1564"]
[LiveChessVersion "1.4.8"]

1. d4 Nf6 2. c4 g6 3. e3 d5 4. Nc3 Bg7 5. Nf3 O-O 6. Bd3 c5 7. O-O cxd4 8. Nxd4
e5 9. Nc2 dxc4 10. Bxc4 Qc7 11. Qe2 a6 12. h3 Nbd7 13. e4 b5 14. Bb3 Bb7 15. Nd5
Nxd5 16. Bxd5 Bxd5 17. exd5 Nb6 18. Ne3 Qb7 19. Rd1 Rfe8 20. b3 Rad8 21. d6 Re6
22. Ba3 Nc8 23. Rac1 b4 24. Bb2 Nb6 25. Rc7 Qa8 26. Nc4 Nd5 27. Rc5 Nf4 28. Qf1
e4 29. Bxg7 Kxg7 30. Re5 Qc6 31. Rxe6 Nxe6 32. Qe2 Nc5 33. Qb2+ f6 34. Qd4 Ne6
35. Qd5 Qxd5 36. Rxd5 Kf7 37. Ra5 Ra8 38. Nb6 Rd8 39. Nc4 Ra8 1/2-1/2

[Event "Veteranos"]
[Site "Gaia"]
[Date "2024.06.10"]
[Round "3.9"]
[White "Araujo, Jose Verissimo"]
[Black "Seia, Joao"]
[Result "1/2-1/2"]
[BlackElo "1694"]
[WhiteElo "1850"]
[LiveChessVersion "1.4.8"]

1. c4 c5 2. Nf3 Nc6 3. Nc3 g6 4. h4 h5 5. d4 cxd4 6. Nxd4 Bg7 7. Nxc6 bxc6 8. e4
d6 9. Qc2 Nf6 10. Be2 O-O 11. O-O Qc7 12. Bg5 Re8 13. Rad1 Bg4 14. f3 Be6 15. b3
Qa5 16. Be3 Red8 17. Na4 Nd7 18. f4 f5 19. Bd3 Rf8 20. Bd2 Qc7 21. Rde1 Qd8 22.
Bc3 fxe4 23. Bxe4 Bf5 24. Bxg7 Kxg7 25. Qc3+ Kh7 26. Bxc6 Rc8 27. Be4 Bxe4 28.
Rxe4 Nf6 29. Re6 Rf7 30. f5 Rg7 31. Qd3 g5 32. hxg5 Rxg5 33. Rfe1 Rg7 34. c5 dxc5
35. Qxd8 Rxd8 36. Rxe7 Rd2 37. Rxg7+ Kxg7 38. Re7+ Kh6 39. Rxa7 Ng4 40. Kf1 Rf2+
41. Ke1 Rxa2 42. Ra6+ Kg5 43. Nxc5 Rxg2 44. Nd3 h4 45. f6 Nxf6 46. Nf2 Ng4 47.
Nh3+ Kf5 48. Ra5+ Ke4 49. Rh5 Rb2 50. Rxh4 Kf3 51. Rh8 Rxb3 52. Rf8+ Kg3 53. Ng5
Kh4 54. Nf3+ Kg3 55. Nd4 Rb2 56. Nf5+ Kh3 57. Rh8+ Kg2 58. Rg8 Kf3 59. Nh4+ Kg3
1/2-1/2

[Event "Veteranos"]
[Site "Gaia"]
[Date "2024.06.10"]
[Round "3.10"]
[White "Nunes, Adelino"]
[Black "Guimaraes, Alvaro"]
[Result "1/2-1/2"]
[BlackElo "1780"]
[WhiteElo "1639"]
[LiveChessVersion "1.4.8"]

1. e4 e6 2. Nf3 d5 3. exd5 exd5 4. d4 Bd6 5. g3 Ne7 6. Bg2 O-O 7. O-O Re8 8. a4
Bf5 9. c3 Qc8 10. b4 c6 11. Be3 f6 12. Nbd2 Bh3 13. a5 a6 14. Nb3 Bxg2 15. Kxg2
Nd7 16. h4 Nf5 17. Bd2 Nf8 18. Qc2 Bxg3 19. fxg3 Re2+ 20. Rf2 Ne3+ 21. Bxe3 Rxc2
22. Rxc2 Qg4 23. Nc5 Re8 24. Re1 Ng6 25. Rce2 Re7 26. Kf2 Kf8 27. Bd2 Rxe2+ 28.
Rxe2 Qc8 29. Ne6+ Kf7 30. Nc5 Ne7 31. Bf4 h5 32. Kg2 Nf5 33. Kf2 g6 34. Kg2 Ng7
35. Bd6 Nf5 1/2-1/2

[Event "Veteranos"]
[Site "Gaia"]
[Date "2024.06.10"]
[Round "3.11"]
[White "Azevedo, Jose"]
[Black "Gasalho, Mario"]
[Result "1/2-1/2"]
[BlackElo "1593"]
[WhiteElo "2003"]
[LiveChessVersion "1.4.8"]

1. Nc3 c5 2. d4 cxd4 3. Qxd4 Nc6 4. Qa4 Nf6 5. Bf4 e5 6. Bg3 d5 7. Bxe5 Bd7 8.
Qf4 Nxe5 9. Qxe5+ Qe7 10. Nf3 Bc6 11. O-O-O Qxe5 12. Nxe5 Bb4 13. Rd3 Rd8 14. a3
Bc5 15. e3 O-O 16. Be2 d4 17. Nxc6 bxc6 18. Rhd1 Rfe8 19. exd4 Bb6 20. Bf3 c5 21.
dxc5 Rxd3 22. Rxd3 Bxc5 23. Nd1 h5 24. h3 g6 25. Ne3 Ne4 26. Bxe4 Rxe4 27. Kd2
1/2-1/2

[Event "Veteranos"]
[Site "Gaia"]
[Date "2024.06.10"]
[Round "3.12"]
[White "Miranda, Raul"]
[Black "Mendes, Alberto"]
[Result "1/2-1/2"]
[BlackElo "1696"]
[WhiteElo "1773"]
[LiveChessVersion "1.4.8"]

1. e4 e5 2. Nf3 d6 3. Nc3 Nf6 4. d4 exd4 5. Nxd4 Be7 6. Be2 O-O 7. Be3 a6 8. a4
c5 9. Nf3 Nc6 10. O-O Ng4 11. Bf4 Nge5 12. Nd5 Nxf3+ 13. Bxf3 Ne5 14. a5 Be6 15.
Nb6 Rb8 16. Be2 Qc7 17. Bxe5 dxe5 18. c4 Rbd8 19. Qc2 Rd4 20. Rfd1 Rfd8 21. Rxd4
Rxd4 22. Rd1 Qd8 23. g3 Bg5 24. Rd3 Qd6 25. Rxd4 Qxd4 26. Nd5 h6 27. Bf3 Kh7 28.
Qb3 Qd2 29. Kg2 f5 30. h4 Bd8 31. Qxb7 Bxd5 32. cxd5 f4 33. Qd7 fxg3 34. Qf5+ Kg8
35. Kxg3 Qxb2 36. Qe6+ Kh7 37. h5 Bg5 38. Qf5+ Kg8 39. Qe6+ Kh7 40. Qxa6 Qd2 41.
Qg6+ Kg8 42. Qe8+ Kh7 43. Qxe5 Qc1 44. Qf5+ Kg8 45. a6 Qg1+ 46. Bg2 Qa1 47. Qe6+
Kh7 48. Bh3 Qg1+ 49. Bg2 Qa1 50. Qg6+ Kg8 51. Qe6+ Kh7 52. Qg6+ Kg8 53. Qe6+
1/2-1/2

[Event "Veteranos"]
[Site "Gaia"]
[Date "2024.06.10"]
[Round "3.13"]
[White "Alves, Damiao"]
[Black "Brandao, Alvaro"]
[Result "1/2-1/2"]
[BlackElo "1664"]
[WhiteElo "1588"]
[LiveChessVersion "1.4.8"]

1. c4 c5 2. Nf3 Nc6 3. Nc3 e5 4. g3 g6 5. Bg2 Bg7 6. O-O Nge7 7. d3 O-O 8. a3 a5
9. Qc2 d6 10. Rb1 Rb8 11. Bg5 f6 12. Bd2 Be6 13. Nb5 b6 14. b4 axb4 15. axb4 Qd7
16. bxc5 bxc5 17. Rb3 Rfc8 18. Rfb1 Bf8 19. e3 Nb4 20. Bxb4 Rxb5 21. Bc3 Rxb3 22.
Rxb3 Qa4 23. Rb2 Qxc2 24. Rxc2 Rb8 25. Rb2 Rxb2 26. Bxb2 Kf7 27. Nd2 Bd7 28. Ne4
Nc6 29. Ba3 Nb4 30. Bf1 h6 31. f4 exf4 32. gxf4 f5 33. Nf2 Bc6 34. d4 Nc2 35. d5
Ba4 36. Bc1 Be7 37. e4 Nd4 38. Kg2 fxe4 39. Nxe4 Bd1 40. Kg3 Ne2+ 41. Bxe2 Bxe2
42. Nd2 Bf6 43. Kf2 Bg4 44. Nf3 Bc8 45. Ke3 Ba6 46. Kd3 Bc8 47. Bd2 Bg4 48. Ke4
Bxf3+ 49. Kxf3 g5 50. fxg5 hxg5 51. Kg4 Kg6 52. h3 Be7 53. Be3 Bf6 1/2-1/2

[Event "Veteranos"]
[Site "Gaia"]
[Date "2024.06.10"]
[Round "3.14"]
[White "Goncalves, Antonio"]
[Black "Viana, Eduardo"]
[Result "0-1"]
[BlackElo "1659"]
[WhiteElo "1675"]
[LiveChessVersion "1.4.8"]

1. d4 Nf6 2. f4 d5 3. e3 Bg4 4. Nf3 Ne4 5. Bd3 f5 6. O-O Nc6 7. a3 e6 8. c4 Be7
9. Qa4 O-O 10. b4 Bxf3 11. Rxf3 a6 12. Qb3 Bh4 13. g3 Bf6 14. Nc3 Nxc3 15. Qxc3
g5 16. Ra2 g4 17. Rf1 h5 18. Rc2 h4 19. b5 axb5 20. cxb5 Ne7 21. Qxc7 hxg3 22.
hxg3 Qe8 23. Qxb7 Qh5 24. Rh2 Qg6 25. Qb6 Kf7 26. Qd6 Rh8 27. Rff2 Rac8 28. Bb2
Rh3 29. Rhg2 Rch8 30. Kf1 R8h6 31. Ke2 Qh7 32. Qb4 Rh2 33. Qe1 Rh1 34. Rg1 R6h2
35. Qf1 Nc8 36. a4 Kg6 37. Rxh1 Rxh1 38. Qg2 Rh3 39. a5 Qc7 40. b6 Qc6 41. Qg1
Nd6 42. Qc1 Nc4 43. Bxc4 dxc4 44. Bc3 Rxg3 45. Qd1 Rf3 46. Ke1 Rxf2 47. Kxf2 Bh4+
48. Kg1 Qe4 49. Qe2 Bg3 50. Bd2 Bxf4 51. b7 Qb1+ 52. Qf1 Bxe3+ 53. Bxe3 Qxb7 54.
Qxc4 Qb1+ 55. Qc1 Qa2 56. Qd2 Qb1+ 57. Kh2 Qf1 58. Qg2 Qe1 59. Bd2 Qa1 60. Qf2
Qb2 61. Qf4 Qa2 62. Kg3 Qb3+ 63. Qe3 Qb8+ 64. Qf4 Qb3+ 65. Qe3 Qb8+ 66. Kf2 Qh2+
67. Kf1 Qh1+ 68. Ke2 Qg2+ 69. Kd1 Qf1+ 70. Kc2 Qc4+ 71. Qc3 Qa2+ 72. Kc1 Qd5 73.
Kb2 Qe4 74. Qb4 g3 75. Qc3 f4 76. Bxf4 Qxf4 77. Qd3+ Kg5 78. Qh7 Qxd4+ 79. Kb3
Qd5+ 80. Ka4 g2 81. Qg7+ Kf4 82. Qf6+ Ke3 83. Qh6+ Kd4 84. Qd2+ Ke5 0-1